[Event "Titled Tue 24th Jun Early"]
[Site "chess.com INT"]
[Date "2025.06.24"]
[Round "11"]
[White "Tregubov, Pavel V."]
[Black "Ghosh, Chanchal Kumer"]
[Result "1-0"]
[WhiteTitle "GM"]
[BlackTitle "CM"]
[WhiteElo "2550"]
[BlackElo "2018"]
[WhiteFideId "4115341"]
[BlackFideId "10201858"]
[EventDate "2025.06.24"]

1. e4 c5 2. Nf3 d6 3. d4 cxd4 4. Qxd4 Nf6 5. Nc3 a6 6. Be2 e5 7. Qd3 Be7 8. Bg5
Nbd7 9. O-O-O O-O 10. h4 b5 11. Kb1 Qc7 12. h5 h6 13. Bxf6 Nxf6 14. Nh4 b4 15.
Nd5 Nxd5 16. Qxd5 Be6 17. Qd2 a5 18. Nf5 Rfd8 19. Ne3 a4 20. Nd5 Bxd5 21. Qxd5
a3 22. Bc4 Bg5 23. b3 Ra5 24. Qd3 Rc5 25. Rh3 Qe7 26. Rf3 Bf6 27. Rf5 d5 28.
Bxd5 Rcxd5 29. exd5 e4 30. d6 exd3 31. dxe7 dxc2+ 32. Kxc2 Rc8+ 33. Kd3 Bxe7 34.
Re1 Rc3+ 35. Kd2 Rc7 36. Re4 Bf6 37. Rxf6 gxf6 38. Rxb4 Rd7+ 39. Ke3 Re7+ 40.
Kd3 Rd7+ 41. Rd4 Rc7 42. Ra4 Rd7+ 43. Ke3 Re7+ 44. Kf3 Re5 45. Rxa3 Rxh5 46. b4
Rf5+ 47. Ke3 h5 48. Rb3 h4 49. b5 Re5+ 50. Kd4 Re8 51. b6 Kf8 52. a4 Ke7 53.
Re3+ 1-0

[Event "Titled Tue 24th Jun Early"]
[Site "chess.com INT"]
[Date "2025.06.24"]
[Round "11"]
[White "Weetik, Vjacheslav"]
[Black "Zhigalko, Sergei"]
[Result "1-0"]
[WhiteTitle "FM"]
[BlackTitle "GM"]
[WhiteElo "2423"]
[BlackElo "2572"]
[WhiteFideId "4153472"]
[BlackFideId "13502956"]
[EventDate "2025.06.24"]

1. c4 e5 2. Nc3 Nf6 3. Nf3 Nc6 4. g3 Bb4 5. Bg2 O-O 6. Nd5 Bc5 7. e3 d6 8. O-O
a5 9. d4 Ba7 10. dxe5 Nxe5 11. Nxe5 dxe5 12. b3 c6 13. Nc3 Qe7 14. Qc2 Bg4 15.
Bb2 Rfd8 16. Ne4 Nd7 17. h3 Bh5 18. g4 Bg6 19. Rad1 Nc5 20. Ba3 Qc7 21. h4 h6
22. h5 Bh7 23. Bxc5 Bxc5 24. Rxd8+ Rxd8 25. Rd1 Bb4 26. Bf3 Kf8 27. Rd3 Qc8 28.
Qd1 Ke7 29. Kf1 Rxd3 30. Qxd3 Qe6 31. Qd1 Qd7 32. Qe2 Qd8 33. Kg2 Kf8 34. Ng3
Qd7 35. Be4 Bxe4+ 36. Nxe4 Ke7 37. Qf3 Kf8 38. Qf5 Qd8 39. Qxe5 Ba3 40. Qf5 Be7
41. Qh7 Ke8 42. Qg8+ Bf8 43. Qh7 Qe7 44. Qf5 Kd8 45. c5 Kc7 46. Nd6 Qd7 47.
Qxd7+ Kxd7 48. Nxb7 Kc7 49. Nxa5 Bxc5 50. Nc4 Kd7 51. Ne5+ Kc7 52. Nxf7 Ba3 53.
Ne5 Bb2 54. Nc4 Bf6 55. f4 1-0

[Event "Titled Tue 24th Jun Early"]
[Site "chess.com INT"]
[Date "2025.06.24"]
[Round "11"]
[White "Linares Orellana, Hector Jose"]
[Black "Dreelinck, Jacob"]
[Result "0-1"]
[WhiteTitle "FM"]
[BlackTitle "FM"]
[WhiteElo "2111"]
[BlackElo "2266"]
[WhiteFideId "7304307"]
[BlackFideId "250511"]
[EventDate "2025.06.24"]

1. d4 Nf6 2. c4 e6 3. Nc3 d5 4. cxd5 exd5 5. Bg5 c6 6. e3 Be7 7. Bd3 Nbd7 8.
Nge2 O-O 9. O-O Re8 10. Qc2 Nf8 11. f3 g6 12. e4 Ne6 13. e5 Nxg5 14. f4 Ng4 15.
fxg5 Ne3 16. Qd2 Nxf1 17. Rxf1 Bxg5 18. Nf4 c5 19. Qf2 Bxf4 20. Qxf4 Be6 21.
dxc5 b6 22. cxb6 Qxb6+ 23. Kh1 Qxb2 24. Nb5 Rf8 25. a4 a5 26. Nd6 Rab8 27. h4
Rb4 28. Qf6 Qd4 29. h5 Qh4+ 30. Kg1 Qxf6 31. Rxf6 Rxa4 32. hxg6 hxg6 33. Bxg6
fxg6 34. Rxe6 Ra1+ 35. Kh2 a4 36. Rxg6+ Kh7 37. Rg3 Raf1 38. e6 Re1 39. Rh3+ Kg6
40. Rg3+ Kf6 41. Rf3+ Ke7 42. Nf5+ Rxf5 43. Rxf5 Kxe6 44. Rf3 Rb1 45. Ra3 Rb4
46. Kh3 Kd6 47. Kg3 Ke5 48. Kf3 Rb3+ 49. Rxb3 axb3 50. g4 b2 51. g5 b1=Q 52. g6
Qxg6 53. Ke3 Qe8 54. Ke2 Qd8 55. Kd2 Qd7 56. Kd3 Qe7 57. Ke2 Kd6+ 58. Kd2 Qe6
59. Kd3 Qe5 60. Kd2 d4 61. Kc2 Qe4+ 62. Kd2 d3 63. Kd1 Qe2+ 64. Kc1 Qc2# 0-1

[Event "Titled Tue 24th Jun Early"]
[Site "chess.com INT"]
[Date "2025.06.24"]
[Round "11"]
[White "Garde, Guillaume"]
[Black "Diachek, Andrii"]
[Result "0-1"]
[WhiteTitle "CM"]
[BlackTitle "CM"]
[WhiteElo "2211"]
[BlackElo "2177"]
[WhiteFideId "45138273"]
[BlackFideId "34106499"]
[EventDate "2025.06.24"]

1. d4 Nf6 2. Nf3 e6 3. e3 c5 4. c3 d5 5. Nbd2 Nc6 6. b3 Bd6 7. Bb2 O-O 8. Be2 e5
9. dxe5 Nxe5 10. O-O Qe7 11. c4 Nxf3+ 12. Bxf3 d4 13. exd4 cxd4 14. Bxd4 Bxh2+
15. Kxh2 Qd6+ 16. Kg1 Qxd4 17. Qc2 g6 18. Ne4 Bf5 19. Nxf6+ Qxf6 20. Be4 Bxe4
21. Qxe4 b6 22. Rfe1 Rad8 23. Rad1 Qb2 24. Rxd8 Rxd8 25. Re2 Qc1+ 26. Re1 Qb2
27. Re2 Qa1+ 28. Kh2 Rd1 29. Qe8+ Kg7 30. Kg3 Qf6 31. Qe5 Qxe5+ 32. Rxe5 Rd2 33.
a4 Rd3+ 34. Re3 Rxe3+ 35. fxe3 a5 36. Kf4 Kf6 37. Ke4 Ke6 38. Kf4 f6 39. Ke4 Kd6
40. Kd4 h6 41. Ke4 Kc5 42. Kd3 Kb4 43. Kc2 h5 44. g3 g5 45. e4 h4 46. gxh4 gxh4
47. Kd3 h3 48. Ke3 h2 49. Kd4 h1=Q 50. e5 fxe5+ 51. Kxe5 Kxb3 52. Kd6 Kxc4 53.
Kc7 Kc5 54. Kc8 Kc6 55. Kb8 Qh8+ 56. Ka7 Qg7+ 57. Ka6 Qb7# 0-1

[Event "Titled Tue 24th Jun Early"]
[Site "chess.com INT"]
[Date "2025.06.24"]
[Round "11"]
[White "Howell, David W L"]
[Black "Matinian, Nikita"]
[Result "1-0"]
[WhiteTitle "GM"]
[BlackTitle "GM"]
[WhiteElo "2668"]
[BlackElo "2421"]
[WhiteFideId "410608"]
[BlackFideId "24129100"]
[EventDate "2025.06.24"]

1. e4 e5 2. Nf3 Nc6 3. Bb5 a6 4. Ba4 Bc5 5. d3 Nge7 6. c3 O-O 7. O-O d6 8. h3
Ba7 9. Re1 f5 10. Be3 Bxe3 11. Rxe3 f4 12. Re1 h6 13. d4 g5 14. dxe5 Nxe5 15.
Nxe5 dxe5 16. Nd2 Qd6 17. Qe2 b5 18. Bb3+ Kg7 19. Rad1 Qf6 20. c4 Rb8 21. cxb5
axb5 22. Rc1 c6 23. Rc5 Ng6 24. Rec1 Bd7 25. Bd1 Nh4 26. Qd3 Rbd8 27. Qc3 Rfe8
28. Nf3 Ng6 29. Nh2 Re7 30. Bh5 Nf8 31. Rd1 Rc8 32. Bg4 Kg6 33. Bxd7 Nxd7 34.
Ng4 Qe6 35. Rxd7 Qxd7 36. Nxe5+ Rxe5 37. Rxe5 Re8 38. Rxe8 Qxe8 39. Qd4 Qe6 40.
b3 h5 41. Kh2 g4 42. hxg4 hxg4 43. Kg1 Kg5 44. Kf1 g3 45. fxg3 fxg3 46. Qe3+ Kg4
47. Qf3+ Kh4 48. Qf4+ Qg4 49. Qxg4+ Kxg4 50. a4 bxa4 51. bxa4 Kf4 52. a5 1-0

[Event "Titled Tue 24th Jun Early"]
[Site "chess.com INT"]
[Date "2025.06.24"]
[Round "11"]
[White "Olhovik, Andrei"]
[Black "Beniosev, Daniel"]
[Result "0-1"]
[WhiteTitle "FM"]
[BlackTitle "CM"]
[WhiteElo "2282"]
[BlackElo "1959"]
[WhiteFideId "13507397"]
[BlackFideId "11632674"]
[EventDate "2025.06.24"]

1. d4 Nf6 2. c4 e6 3. Nc3 c5 4. d5 exd5 5. cxd5 d6 6. e4 g6 7. h3 Bg7 8. Nf3 O-O
9. Be3 Nbd7 10. Bd3 Ne8 11. O-O Rb8 12. a4 b6 13. Re1 a6 14. Qd2 Nc7 15. Bh6 Re8
16. Bxg7 Kxg7 17. Qf4 Ne5 18. Nxe5 Rxe5 19. Qg3 Rg5 20. Qe3 Re5 21. f4 Re8 22.
Bf1 b5 23. axb5 Nxb5 24. Rad1 Nd4 25. Rxd4 cxd4 26. Qxd4+ Kg8 27. e5 Qb6 28.
Qxb6 Rxb6 29. Ne4 dxe5 30. fxe5 Kf8 31. Nc5 Rxb2 32. d6 Rd2 33. Re4 Bf5 34. Re3
Rxd6 35. Bxa6 Rd5 36. Rc3 Rexe5 37. Nb3 Kg7 38. Bc4 Rd1+ 39. Kh2 h5 40. h4 Re4
41. Nc5 Rxh4+ 42. Kg3 Rg4+ 43. Kf2 Rd2+ 44. Ke3 Rdxg2 45. Rc1 h4 46. Bd5 R2g3+
47. Kf2 h3 48. Nb7 Rd3 49. Bc6 h2 50. Nc5 Rd2+ 51. Ke3 Rdg2 52. Bxg2 Rxg2 53.
Rh1 Rc2 54. Nb3 Be6 0-1

[Event "Titled Tue 24th Jun Early"]
[Site "chess.com INT"]
[Date "2025.06.24"]
[Round "11"]
[White "Ben Ari, Yannay"]
[Black "Hansen, Eric"]
[Result "1-0"]
[WhiteTitle "IM"]
[BlackTitle "GM"]
[WhiteElo "2450"]
[BlackElo "2609"]
[WhiteFideId "2815222"]
[BlackFideId "2606771"]
[EventDate "2025.06.24"]

1. b3 e5 2. Bb2 Nc6 3. c4 Nf6 4. e3 d5 5. cxd5 Nxd5 6. a3 Bd6 7. d3 O-O 8. Nd2
f5 9. Ngf3 Qe7 10. Qc2 Bd7 11. g3 Rae8 12. Bg2 Nf6 13. O-O Kh8 14. b4 a6 15. Nc4
b5 16. Ncd2 a5 17. Nh4 axb4 18. Bxc6 bxa3 19. Bc1 b4 20. Nb3 Ng4 21. Bd2 Bxc6
22. Qxc6 e4 23. Nd4 Qg5 24. Nhxf5 Qh5 25. h4 exd3 26. Nxd6 Ne5 27. Qg2 cxd6 28.
Bxb4 Rf6 29. Bxa3 g5 30. hxg5 Rg6 31. f4 Ng4 32. Rae1 h6 33. Nf3 Rge6 34. e4
Rxe4 35. Rxe4 Rxe4 36. Re1 Qe8 37. Rxe4 Qxe4 38. Bc1 Qc4 39. Bd2 Qc5+ 40. Kf1
Qd5 41. Kg1 Qc5+ 42. Kf1 Qd5 43. gxh6 Nxh6 44. Qh1 Kg7 45. Kg2 Qa2 46. Qh5 Qc4
47. f5 Nf7 48. Qg6+ Kf8 49. f6 Qe6 50. Qg7+ Ke8 51. Qg8+ Kd7 52. Qg7 Qe2+ 53.
Kh3 Qxf3 54. Qxf7+ Kc6 55. Qc4+ Kd7 56. Qg4+ 1-0

[Event "Titled Tue 24th Jun Early"]
[Site "chess.com INT"]
[Date "2025.06.24"]
[Round "11"]
[White "Ladan, Nicholas"]
[Black "Zaksaite, Salomeja"]
[Result "1-0"]
[BlackTitle "WGM"]
[WhiteElo "2218"]
[BlackElo "2133"]
[WhiteFideId "30918855"]
[BlackFideId "12801496"]
[EventDate "2025.06.24"]

1. d4 Nf6 2. c4 g6 3. Nf3 Bg7 4. g3 d6 5. Bg2 O-O 6. O-O c6 7. Nc3 Bf5 8. h3 a5
9. Nh4 Be6 10. Qd3 Na6 11. a3 d5 12. cxd5 cxd5 13. Bd2 Qd7 14. g4 Ne4 15. Nxe4
dxe4 16. Bxe4 Rfd8 17. Bc3 Bxg4 18. hxg4 Qxg4+ 19. Ng2 Nc5 20. dxc5 Rxd3 21.
exd3 Rc8 22. Bxg7 Kxg7 23. Rac1 Rc7 24. Rc4 Qg5 25. f4 Qf6 26. b4 Qb2 27. Rfc1
Qxa3 28. b5 a4 29. b6 Rd7 30. Bxb7 Rxb7 31. c6 Qb2 32. cxb7 Qxb6+ 33. Kh2 Qxb7
34. Rxa4 Qf3 35. Re4 e6 36. Re3 Qg4 37. Rg3 Qh5+ 38. Rh3 Qg4 39. Re1 h5 40. Re5
Kf6 41. Rg5 Qe2 42. Re5 Qd2 43. Ree3 Qc2 44. Rhf3 Qd2 45. Kg3 Qc2 46. Re5 Qd2
47. Re1 Qc2 48. Ref1 Qd2 49. R1f2 Qc2 50. Rxc2 1-0

[Event "Titled Tue 24th Jun Early"]
[Site "chess.com INT"]
[Date "2025.06.24"]
[Round "11"]
[White "Golsta, Madara"]
[Black "Bezuch, Martin"]
[Result "1-0"]
[BlackTitle "FM"]
[WhiteElo "2008"]
[BlackElo "2238"]
[WhiteFideId "11607386"]
[BlackFideId "14906333"]
[EventDate "2025.06.24"]

1. e4 g6 2. d4 Bg7 3. c4 d6 4. Nc3 Nf6 5. Be2 O-O 6. h4 e5 7. d5 h5 8. Nf3 Nfd7
9. Bg5 Bf6 10. Qd2 Na6 11. O-O-O Nac5 12. Kb1 a5 13. g4 hxg4 14. Nh2 Nb6 15.
Bxg4 Nxc4 16. Qc1 Bxg5 17. hxg5 Kg7 18. Bxc8 Qxc8 19. Rdg1 Rh8 20. Qd1 Qh3 21.
Rg3 Qh5 22. f3 Qh4 23. Rg2 Ne3 24. Qg1 Nxg2 25. Qxg2 Rh5 26. Ne2 Rah8 27. Ng3
Rxg5 28. Ng4 Qxg3 29. Qxg3 Rxh1+ 30. Kc2 f5 31. Qg2 Rh4 32. Qd2 Nxe4 33. fxe4
Rhxg4 34. Qxa5 Rxe4 35. Qxc7+ Kh6 36. Qxd6 Rg2+ 37. Kd3 Rg3+ 38. Kd2 Kg5 39.
Qe7+ Kg4 40. d6 Rd4+ 41. Ke2 e4 42. Qf6 Rg2+ 43. Ke1 Rdd2 44. Qxg6+ Kf4 45. Qh6+
Ke5 46. b4 Rge2+ 47. Kf1 Rf2+ 48. Kg1 Rg2+ 49. Kf1 1-0

[Event "Titled Tue 24th Jun Early"]
[Site "chess.com INT"]
[Date "2025.06.24"]
[Round "11"]
[White "Manukian, Artak"]
[Black "Birkisson, Bjorn Holm"]
[Result "1/2-1/2"]
[BlackTitle "CM"]
[WhiteElo "2104"]
[BlackElo "2128"]
[WhiteFideId "13301373"]
[BlackFideId "2310600"]
[EventDate "2025.06.24"]

1. e4 c5 2. Nf3 Nc6 3. c3 e6 4. d4 d5 5. e5 Bd7 6. a3 c4 7. Nbd2 Na5 8. g3 Ne7
9. Bh3 Nc8 10. Nf1 Nb6 11. Ne3 Ba4 12. Qe2 Qc7 13. O-O O-O-O 14. Rb1 Bb3 15. Nd2
Kb8 16. Nxb3 Nxb3 17. Ng2 Be7 18. Be3 h5 19. f4 g6 20. Ne1 Na4 21. Nf3 Rc8 22.
Bg2 b5 23. h3 Rh7 24. Kf2 Rch8 25. Rh1 Ka8 26. g4 Qd8 27. Kg3 hxg4 28. hxg4 Rxh1
29. Rxh1 Rxh1 30. Bxh1 Qh8 31. Bg2 Kb7 32. Bh3 Nb6 33. Qg2 Kc7 34. f5 gxf5 35.
gxf5 Qg7+ 36. Kf2 Qxg2+ 37. Kxg2 Na4 38. fxe6 fxe6 39. Bxe6 Nxb2 40. Bxd5 Nd1
41. Bf4 Nxc3 42. Bf7 Bxa3 43. d5 Be7 44. d6+ Kd8 45. dxe7+ Kxe7 46. Bg6 Nd5 47.
Bg5+ Ke6 48. Bh7 Nc7 49. Bf4 Nc5 50. Ng5+ Kd5 51. Bg8+ Kc6 52. e6 N7xe6 53. Nxe6
Nd3 54. Bd2 b4 55. Nf4 Nxf4+ 56. Bxf4 Kb5 57. Kf3 b3 58. Be5 Kb4 59. Ke2 c3 60.
Kd1 a5 61. Kc1 a4 62. Kb1 a3 63. Bd6+ Ka4 64. Bxa3 Kxa3 65. Bh7 Kb4 66. Bg6 Kc4
67. Bf7+ Kb4 68. Bg6 Ka3 69. Bh7 Kb4 70. Bg6 1/2-1/2

[Event "Titled Tue 24th Jun Early"]
[Site "chess.com INT"]
[Date "2025.06.24"]
[Round "11"]
[White "Aarit Kapil"]
[Black "Alonso Rosell, Alvar"]
[Result "0-1"]
[WhiteTitle "CM"]
[BlackTitle "GM"]
[WhiteElo "2078"]
[BlackElo "2536"]
[WhiteFideId "33408947"]
[BlackFideId "2270544"]
[EventDate "2025.06.24"]

1. e4 c6 2. d4 d5 3. Nc3 dxe4 4. Nxe4 Nf6 5. Nxf6+ exf6 6. Nf3 Bd6 7. Be3 O-O 8.
Qd2 Nd7 9. Bd3 Nb6 10. c4 Bc7 11. h4 Re8 12. h5 Be6 13. Qc2 h6 14. O-O-O a5 15.
Rdg1 f5 16. Ne5 f4 17. Bxf4 Qxd4 18. Bh7+ Kh8 19. Nxf7+ Bxf7 20. Bxc7 Nxc4 21.
Bf5 Re7 22. Bg3 Ne3 23. fxe3 Qxe3+ 24. Kb1 Qxg3 25. Rh3 Qe5 26. Rd1 Rf8 27. g4
Qf4 28. Rhd3 Bd5 29. Rd4 Qg3 30. a3 Bb3 31. Qc5 Qe3 32. Rc1 Bg8 33. Qb6 a4 34.
Rc3 Qg1+ 35. Rc1 Ba2+ 36. Kxa2 Qxc1 37. Rxa4 Re5 38. Qd4 Rd5 39. Qb4 Qc5 40. Qb3
b5 41. Re4 Qd6 42. Re6 Qd8 43. Qc3 Rd4 44. Rxh6+ gxh6 45. Qxc6 Qd6 46. Qxb5 Rb8
47. Qa5 Qf6 48. Qc3 Rd6 49. Qxf6+ Rxf6 50. b4 Kg7 51. Kb3 Rd6 52. a4 Kf6 53. b5
Rd4 54. Bg6 Rxg4 55. Bd3 Rd4 56. Bc4 Ke5 57. a5 Rc8 58. Be2 Rc1 0-1

[Event "Titled Tue 24th Jun Early"]
[Site "chess.com INT"]
[Date "2025.06.24"]
[Round "11"]
[White "Rustemov, Alexander"]
[Black "Caruana, Fabiano"]
[Result "0-1"]
[WhiteTitle "GM"]
[BlackTitle "GM"]
[WhiteElo "2525"]
[BlackElo "2777"]
[WhiteFideId "4119002"]
[BlackFideId "2020009"]
[EventDate "2025.06.24"]

1. d4 d6 2. e4 g6 3. c4 Bg7 4. Nc3 e5 5. Nf3 Nc6 6. d5 Nce7 7. Bd3 f5 8. exf5
gxf5 9. Bc2 Nf6 10. Nh4 O-O 11. O-O c6 12. Bg5 cxd5 13. cxd5 Bd7 14. Qd2 Qe8 15.
Bh6 Qh5 16. Bxg7 Kxg7 17. g3 Rac8 18. f4 e4 19. Qd4 b6 20. Rac1 Kg8 21. Bd1 Qf7
22. Bb3 Rc5 23. Ng2 Ng4 24. h3 Qf6 25. Qxf6 Nxf6 26. Ne3 h5 27. h4 Kg7 28. Kf2
Rfc8 29. Rfd1 Kg6 30. a3 Bb5 31. Ke1 Bd3 32. Kd2 Rg8 33. Na4 Rb5 34. Ba2 Ra5 35.
Nc3 Kf7 36. Rg1 Ba6 37. Bb3 Rc5 38. Ba2 Rcc8 39. b4 Bd3 40. Bb3 Rg7 41. Na4 Rcg8
42. Rc7 Kf8 43. Rxe7 Rxe7 44. Nxf5 Rc7 45. Nc3 a5 46. Nxd6 axb4 47. axb4 Rd7 48.
Nf5 b5 49. d6 Bc4 50. Bxc4 bxc4 51. Ke3 Kf7 52. Nxe4 Re8 53. Ne7 Nxe4 54. Kxe4
Rxd6 55. Ke5 Rd7 56. Kf5 Rexe7 57. Kg5 c3 58. f5 c2 59. Rc1 Re2 60. Kxh5 Rd1 0-1

[Event "Titled Tue 24th Jun Early"]
[Site "chess.com INT"]
[Date "2025.06.24"]
[Round "11"]
[White "Mecit, Emre"]
[Black "Asensio Ramos, Enrique Fernando"]
[Result "0-1"]
[BlackTitle "CM"]
[WhiteElo "2007"]
[BlackElo "2200"]
[WhiteFideId "6304214"]
[BlackFideId "2214172"]
[EventDate "2025.06.24"]

1. e4 c5 2. Nf3 d6 3. d4 cxd4 4. Nxd4 Nf6 5. Nc3 g6 6. Be3 Nc6 7. f3 h5 8. Qd2
Nxd4 9. Bxd4 Bh6 10. Qf2 O-O 11. Bc4 Be6 12. Bxe6 fxe6 13. O-O e5 14. Be3 Ng4
15. Bxh6 Nxf2 16. Rxf2 Qb6 17. Nd5 Qxb2 18. Rff1 Kh7 19. Bxf8 Rxf8 20. c3 b6 21.
Nxe7 Qxc3 22. Rac1 Qd4+ 23. Kh1 Rf7 24. Nd5 Qa4 25. Rf2 h4 26. h3 b5 27. Rfc2
Kh6 28. Rc6 Rd7 29. Nf6 Rd8 30. R1c2 Qa5 31. Rc7 b4 32. Rh7+ Kg5 33. Nd5 Rg8 34.
Kh2 b3 35. axb3 Qe1 36. Rhc7 Qg3+ 37. Kh1 a5 38. Rc1 Rb8 39. R7c3 Qf2 40. Ne3
Kf4 41. Ng4 Qb6 42. Kh2 a4 43. Nf2 Kg5 44. Nd3 axb3 45. Rb1 Qb5 46. Nc1 b2 47.
Nd3 Qa5 48. Rc2 Qa6 49. Nxb2 Qb6 50. Re2 Qb3 51. g3 hxg3+ 52. Kxg3 Kh6 53. h4
Qc3 54. Rh1 Rxb2 55. Rhh2 Rxe2 56. Rxe2 Qd3 57. Kf2 Qd4+ 58. Kg3 Qg1+ 59. Kh3
Kh5 60. Rg2 Qh1+ 61. Kg3 Qe1+ 62. Kh2 Qxh4+ 63. Kg1 Qe1+ 64. Kh2 g5 65. Kh3 Qh1+
66. Kg3 Qh4# 0-1

[Event "Titled Tue 24th Jun Early"]
[Site "chess.com INT"]
[Date "2025.06.24"]
[Round "11"]
[White "Roebers, Jan"]
[Black "Pournami S"]
[Result "1/2-1/2"]
[WhiteTitle "FM"]
[BlackTitle "WCM"]
[WhiteElo "2056"]
[BlackElo "1749"]
[WhiteFideId "1007815"]
[BlackFideId "25732439"]
[EventDate "2025.06.24"]

1. e4 c5 2. d4 cxd4 3. c3 e5 4. cxd4 exd4 5. Nf3 Nc6 6. Nxd4 Nf6 7. Nc3 Bb4 8.
Nxc6 bxc6 9. Bd3 h6 10. O-O d6 11. Qf3 O-O 12. e5 dxe5 13. Ne4 Nd5 14. Bxh6 gxh6
15. Qg3+ Kh8 16. Qxe5+ f6 17. Qh5 Kg7 18. Ng3 Qe8 19. Nf5+ Bxf5 20. Qxf5 Rh8 21.
a3 Bd6 22. Rfe1 Qf7 23. Re4 Nf4 24. Rxf4 Bxf4 25. Qxf4 Rad8 26. Qg3+ Kf8 27. Be4
Rg8 28. Qc3 Rd6 29. Bxc6 Qc7 30. Rc1 Kg7 31. Bf3 Qxc3 32. Rxc3 Rgd8 33. g3 Rd2
34. b4 R2d3 35. Rc7+ R8d7 36. Rxd7+ Rxd7 37. Kf1 Rd3 38. Bc6 Rxa3 39. b5 Kf8 40.
h4 Ke7 41. Kg2 Kd6 42. Be8 Kc5 43. Kh3 Rf3 44. Kg2 Rb3 45. f4 Rxb5 46. Bxb5 Kxb5
47. g4 a5 48. g5 hxg5 49. h5 a4 50. h6 a3 51. h7 a2 52. h8=Q a1=Q 53. Qb8+ Kc4
54. Qc7+ Kd3 55. fxg5 Qb2+ 56. Kg3 fxg5 57. Qh7+ Ke3 58. Qe7+ Kd3 59. Qh7+ Kd2
60. Qe4 Qc3+ 61. Kg4 Qe3 62. Qxe3+ Kxe3 63. Kxg5 1/2-1/2

[Event "Titled Tue 24th Jun Early"]
[Site "chess.com INT"]
[Date "2025.06.24"]
[Round "11"]
[White "Gonzalez Guedes, Iyan"]
[Black "Jahnz, Laurin"]
[Result "0-1"]
[WhiteTitle "FM"]
[BlackTitle "CM"]
[WhiteElo "2238"]
[BlackElo "2221"]
[WhiteFideId "24524131"]
[BlackFideId "16261089"]
[EventDate "2025.06.24"]

1. e4 c5 2. Nf3 Nc6 3. d4 cxd4 4. Nxd4 Nf6 5. Nc3 e5 6. Ndb5 d6 7. Bg5 a6 8. Na3
b5 9. Nd5 Be7 10. Bxf6 Bxf6 11. c3 Rb8 12. Nc2 Bg5 13. g3 O-O 14. Bg2 Be6 15.
O-O Ne7 16. Ncb4 Nxd5 17. Nxd5 a5 18. Qd3 b4 19. c4 Bxd5 20. Qxd5 Qb6 21. Rad1
Rfd8 22. b3 a4 23. Rd3 Ra8 24. Kh1 axb3 25. axb3 Ra2 26. f4 Bf6 27. Rdf3 Qd4 28.
Qxd4 exd4 29. Rd3 Rc2 30. Rfd1 Rc3 31. Kg1 Rd7 32. e5 dxe5 33. fxe5 Bxe5 34. Bd5
Ra7 35. R1d2 Kf8 36. Be4 h6 37. Rxc3 bxc3 38. Rc2 Ke7 39. Kf1 Kd6 40. Ke2 Kc5
41. Bd5 f6 42. Kd3 Ra1 43. Re2 Rb1 44. Ra2 Rxb3 45. Ra6 Rb6 46. Ra5+ Kb4 47. Ra8
Rb8 48. Ra7 Kb3 49. Ra6 Kb2 50. c5 Kb1 51. Ra2 Rb2 52. Ra8 Rd2+ 53. Kc4 c2 54.
Be4 d3 55. c6 c1=Q+ 56. Kd5 Qb2 57. Ke6 Qb6 58. Kd7 Qc7+ 59. Ke6 Kc1 60. Ra3
Qd6+ 61. Kf7 Qxa3 62. Kg6 Re2 63. h4 Rxe4 64. Kf5 d2 65. Kg6 Rg4+ 66. Kf5 Qd3+
67. Ke6 Qd6+ 68. Kf7 d1=Q 69. Kg8 Qd8+ 70. Kf7 Q1d5# 0-1

[Event "Titled Tue 24th Jun Early"]
[Site "chess.com INT"]
[Date "2025.06.24"]
[Round "11"]
[White "Reshetnikov, Alexey"]
[Black "Vaganian, Rafael A"]
[Result "1-0"]
[WhiteTitle "IM"]
[BlackTitle "GM"]
[WhiteElo "2492"]
[BlackElo "2449"]
[WhiteFideId "4162080"]
[BlackFideId "13300016"]
[EventDate "2025.06.24"]

1. d4 e6 2. c4 d5 3. Nc3 Be7 4. Nf3 Nf6 5. Bg5 h6 6. Bh4 O-O 7. e3 b6 8. Rc1 Bb7
9. cxd5 Nxd5 10. Nxd5 Bxd5 11. Bxe7 Qxe7 12. Be2 Rc8 13. O-O c5 14. dxc5 Rxc5
15. Rxc5 Qxc5 16. Qa4 Bc6 17. Qd4 Nd7 18. Qxc5 Nxc5 19. b4 Na4 20. Rc1 Be8 21.
Rc7 Kf8 22. Nd4 a5 23. a3 axb4 24. axb4 Nb2 25. f4 Ra4 26. b5 Ra3 27. Kf2 Na4
28. Rb7 Nc3 29. Rxb6 Ne4+ 30. Kf3 Nd2+ 31. Kf2 Ne4+ 32. Ke1 Ra1+ 33. Bd1 Nc3 34.
Rb8 Rxd1+ 35. Kf2 Rb1 36. b6 Ke7 37. Rb7+ Kf6 38. Rb8 Bd7 39. Kf3 Nd5 40. b7 Ba4
41. e4 Ne7 42. Ke3 Bc6 43. e5+ Kg6 44. Re8 Bxb7 45. Rxe7 Bd5 46. Nf3 Rb3+ 47.
Kf2 Bxf3 48. gxf3 h5 49. h4 Rb2+ 50. Kg3 Re2 51. Ra7 Rd2 52. Rb7 Re2 53. Ra7 Rd2
54. Rc7 Rb2 55. Rd7 Ra2 56. Rd6 Rb2 57. Rd7 Ra2 58. Rb7 Rc2 59. Ra7 Rb2 60. Rc7
Ra2 61. Rb7 Rc2 62. Ra7 Ra2 63. Rxa2 1-0

[Event "Titled Tue 24th Jun Early"]
[Site "chess.com INT"]
[Date "2025.06.24"]
[Round "11"]
[White "Skliarov, Viktor"]
[Black "Jimenez Salas, Maria Teresa"]
[Result "1-0"]
[WhiteTitle "IM"]
[BlackTitle "WIM"]
[WhiteElo "2334"]
[BlackElo "2170"]
[WhiteFideId "14106736"]
[BlackFideId "3843866"]
[EventDate "2025.06.24"]

1. e4 c5 2. Nf3 Nc6 3. Bb5 e6 4. Bxc6 bxc6 5. d3 Ne7 6. Qe2 d6 7. e5 Ng6 8. exd6
Bxd6 9. O-O O-O 10. Na3 Ba6 11. b3 Qc7 12. Nc4 Nf4 13. Bxf4 Bxf4 14. Rab1 Rae8
15. g3 Bd6 16. Nxd6 Qxd6 17. Qe5 Qe7 18. Nd2 Rd8 19. Rfe1 Rd5 20. Qc3 h6 21. Re3
Rfd8 22. Rbe1 Qc7 23. Nf3 Bc8 24. Re5 Rxe5 25. Qxe5 Qe7 26. Nd2 f6 27. Qc3 e5
28. Re4 Be6 29. Ra4 Bd5 30. Ne4 Qf7 31. Qxc5 Rd7 32. Qe3 f5 33. c4 fxe4 34. cxd5
exd3 35. Qxd3 Rxd5 36. Qe2 Qd7 37. Re4 Qd6 38. Kg2 Kh7 39. Qc2 Qg6 40. Rc4 Qxc2
41. Rxc2 Rd6 42. Kf3 Kg6 43. Ke4 Kf6 44. Rc5 Rd4+ 45. Ke3 Rd6 46. Ra5 Ke6 47.
Rxa7 g5 48. Rh7 Kd5 49. Rb7 Kc5 50. a4 Rf6 51. b4+ Kc4 52. a5 Rd6 53. a6 Rd3+
54. Ke4 Ra3 55. a7 Ra4 56. Kxe5 c5 57. bxc5 Kxc5 58. f4 Kc6 59. Rh7 gxf4 60.
gxf4 Kc5 61. f5 Kc4 62. f6 Kd3 63. Rd7+ Ke3 64. f7 Re4+ 65. Kf6 Rf4+ 66. Kg6
Rg4+ 67. Kxh6 Rh4+ 68. Kg5 Rxh2 69. a8=Q Rf2 70. Qa7+ Ke2 71. Qxf2+ Kxf2 72.
f8=Q+ 1-0

[Event "Titled Tue 24th Jun Early"]
[Site "chess.com INT"]
[Date "2025.06.24"]
[Round "11"]
[White "Alvarez Leon, Luis"]
[Black "Mizzi, Jack"]
[Result "1-0"]
[WhiteTitle "FM"]
[BlackTitle "CM"]
[WhiteElo "2178"]
[BlackElo "2107"]
[WhiteFideId "3600351"]
[BlackFideId "5602521"]
[EventDate "2025.06.24"]

1. Nf3 Nf6 2. d4 d5 3. c4 c6 4. Nc3 g6 5. Bf4 Bg7 6. e3 Nbd7 7. Be2 O-O 8. cxd5
cxd5 9. O-O a6 10. h3 b5 11. a4 b4 12. Na2 a5 13. Nc1 Ba6 14. Nb3 Ne4 15. Rc1
Nd6 16. Bxd6 exd6 17. Rc6 Bxe2 18. Qxe2 Nb8 19. Rc2 Qd7 20. Ra1 Rc8 21. Rxc8+
Qxc8 22. Qb5 Qc6 23. Qd3 Qc4 24. Qd1 Nd7 25. Nbd2 Qa6 26. Rc1 Rc8 27. Nb3 Nb6
28. Rxc8+ Qxc8 29. Nxa5 Qa8 30. Nb3 Qxa4 31. Nfd2 Nc4 32. Nf3 Nxb2 33. Qc2 Nc4
34. Qb1 Na3 35. Qb2 Qc6 36. Nfd2 Qc3 37. Qa2 f5 38. g3 Qc2 39. Qa1 h5 40. h4 Bf6
41. Kg2 Kf7 42. Qf1 Nc4 43. Nxc4 dxc4 44. Na5 d5 45. Qa1 b3 46. Nc6 Qe4+ 47. Kh2
Qe6 48. Qa7+ Kg8 49. Qb8+ Kh7 50. Ne5 Bxe5 51. dxe5 Kg7 52. Qb7+ Kf8 53. Qb8+
Ke7 54. Qc7+ Ke8 55. f4 d4 56. exd4 Qd5 57. Qc8+ Kf7 58. Qc7+ Kg8 59. Qc8+ Kg7
60. Qc7+ Qf7 61. Qc5 b2 62. Qb4 c3 63. d5 Qxd5 64. Qxc3 b1=Q 65. e6+ Kh7 66.
Qc7+ 1-0